El fin del trabajo : (Record no. 21129)
[ view plain ]
| 000 -CABECERA | |
|---|---|
| campo de control de longitud fija | 01085nam a2200265 4500 |
| 003 - IDENTIFICADOR DEL NÚMERO DE CONTROL | |
| campo de control | OSt |
| 005 - FECHA Y HORA DE LA ÚLTIMA TRANSACCIÓN | |
| campo de control | 20260601193524.0 |
| 008 - DATOS DE LONGITUD FIJA--INFORMACIÓN GENERAL | |
| campo de control de longitud fija | 260507b1996 mx |||| |||| 00| 0 spa d |
| 020 ## - NÚMERO INTERNACIONAL ESTÁNDAR DEL LIBRO | |
| Número Internacional Estándar del Libro | 9688533319 |
| 040 ## - FUENTE DE LA CATALOGACIÓN | |
| Centro catalogador/agencia de origen | ICI |
| Lengua de catalogación | spa |
| Centro/agencia transcriptor | ICI |
| 050 ## - SIGNATURA TOPOGRÁFICA DE LA BIBLIOTECA DEL CONGRESO | |
| Número de clasificación | HD6331 |
| Número de documento/Ítem | R5418 |
| 100 #1 - ENTRADA PRINCIPAL--NOMBRE DE PERSONA | |
| Nombre de persona | Rifkin, Jeremy, |
| 9 (RLIN) | 35534 |
| 240 #1 - TÍTULO UNIFORME | |
| Título uniforme | The end of work the decline of the global labor force and the dawn of the post-market era. |
| Lenguaje de la obra | Español |
| 245 #1 - MENCIÓN DE TÍTULO | |
| Título | El fin del trabajo : |
| Resto del título | nuevas tecnologias contra puestos de trabajo : el nacimiento de la nueva era / |
| Mención de responsabilidad, etc. | Jeremy Rifkin ; prólogo de Robert L. Heilbroner ; traducción de Guillermo Sanchez |
| 264 ## - PRODUCCIÓN, PUBLICACIÓN, DISTRIBUCIÓN, FABRICACIÓN Y COPYRIGHT | |
| Nombre del de productor, editor, distribuidor, fabricante | Paidos |
| Fecha de producción, publicación, distribución, fabricación o copyright | 1996 |
| Producción, publicación, distribución, fabricación y copyright | México : |
| 300 ## - DESCRIPCIÓN FÍSICA | |
| Extensión | 399 páginas |
| Dimensiones | 23cm. |
| 336 ## - TIPO DE CONTENIDO | |
| Término de tipo de contenido | texto |
| Fuente | rdacontent |
| 337 ## - TIPO DE MEDIO | |
| Nombre/término del tipo de medio | sin medio |
| Fuente | rdamedia |
| 338 ## - TIPO DE SOPORTE | |
| Nombre/término del tipo de soporte | volumen |
| Fuente | rdacarrier |
| 500 ## - NOTA GENERAL | |
| Nota general | Traduccion de: The end of work the decline of the global labor force and the dawn of the post-market era |
| 650 ## - PUNTO DE ACCESO ADICIONAL DE MATERIA--TÉRMINO DE MATERIA | |
| Término de materia o nombre geográfico como elemento de entrada | Desempleo tecnológico |
| 9 (RLIN) | 35535 |
| 700 #1 - PUNTO DE ACCESO ADICIONAL--NOMBRE DE PERSONA | |
| Nombre de persona | Heilbroner, Robert L., |
| Término indicativo de función/relación | prologuista |
| 9 (RLIN) | 35536 |
| 700 #1 - PUNTO DE ACCESO ADICIONAL--NOMBRE DE PERSONA | |
| Nombre de persona | Sanchez, Guillermo, |
| Término indicativo de función/relación | traductor |
| 9 (RLIN) | 35537 |
| 942 ## - ELEMENTOS DE PUNTO DE ACCESO ADICIONAL (KOHA) | |
| Fuente del sistema de clasificación o colocación | Library of Congress Classification |
| Tipo de ítem Koha | Libros |
No items available.